| 000 -LEADER |
| fixed length control field |
01129cam a2200205 i 4500 |
| 003 - CONTROL NUMBER IDENTIFIER |
| control field |
OSt |
| 005 - DATE AND TIME OF LATEST TRANSACTION |
| control field |
20220412180702.0 |
| 008 - FIXED-LENGTH DATA ELEMENTS--GENERAL INFORMATION |
| fixed length control field |
190328s2020 enka b 001 0 eng |
| 020 ## - INTERNATIONAL STANDARD BOOK NUMBER |
| International Standard Book Number |
9780815382607 (hb : alk. paper) |
| 042 ## - AUTHENTICATION CODE |
| Authentication code |
pcc |
| 082 00 - DEWEY DECIMAL CLASSIFICATION NUMBER |
| Classification number |
720.1/03 |
| Edition number |
23 |
| 245 00 - TITLE STATEMENT |
| Title |
Non-standard architectural productions : |
| Remainder of title |
between aesthetic experience and social action / |
| Statement of responsibility, etc |
edited by Sandra Karina Löschke. |
| 300 ## - PHYSICAL DESCRIPTION |
| Extent |
xv, 262 pages : |
| Other physical details |
illustrations ; |
| Dimensions |
24 cm |
| 504 ## - BIBLIOGRAPHY, ETC. NOTE |
| Bibliography, etc |
Includes bibliographical references and index. |
| 505 2# - FORMATTED CONTENTS NOTE |
| Formatted contents note |
Architecture is not about buildings : perspectives on people-centered approaches in architecture / Sandra Karina Löschke -- Architectural aesthetics : from tent to tectonic and back again / Gernot Böhme -- Atmospheric thresholds and the production of cross-cultural spaces / Anna-Christina Engels-Schwarzpaul -- Home-work displacements / Jane Rendell -- 'They don't listen' : the urban professions, education, and the urban poor / Anna Rubbo. |
| 650 #0 - SUBJECT ADDED ENTRY--TOPICAL TERM |
| Topical term or geographic name as entry element |
Architecture |
| General subdivision |
Human factors. |
| 650 #0 - SUBJECT ADDED ENTRY--TOPICAL TERM |
| Topical term or geographic name as entry element |
Architecture and society. |
| 700 1# - ADDED ENTRY--PERSONAL NAME |
| Personal name |
Löschke, Sandra Karina, |
| Relator term |
editor. |
| 942 ## - ADDED ENTRY ELEMENTS (KOHA) |
| Source of classification or shelving scheme |
|